Risālat al-tawābiʻ wa-al-zawābiʻ / (Record no. 50233)
[ view plain ]
| 000 -LEADER | |
|---|---|
| fixed length control field | 00934cam a22002291a 4500 |
| 001 - CONTROL NUMBER | |
| control field | ne 68001128 |
| 003 - CONTROL NUMBER IDENTIFIER | |
| control field | DLC |
| 005 - DATE AND TIME OF LATEST TRANSACTION | |
| control field | 20260227111840.0 |
| 008 - FIXED-LENGTH DATA ELEMENTS--GENERAL INFORMATION | |
| fixed length control field | 890605s1967 le b 000 0 ararc |
| 010 ## - LIBRARY OF CONGRESS CONTROL NUMBER | |
| LC control number | ne 68001128 |
| 035 ## - SYSTEM CONTROL NUMBER | |
| System control number | (OCoLC)19818402 |
| 040 ## - CATALOGING SOURCE | |
| Original cataloging agency | Princeton Univ. Libr. |
| Transcribing agency | WaU |
| Modifying agency | WaU |
| -- | InU |
| -- | DLC |
| 050 00 - LIBRARY OF CONGRESS CALL NUMBER | |
| Classification number | PJ7750.I273 |
| Item number | R5 1967 |
| 100 1# - MAIN ENTRY--PERSONAL NAME | |
| Personal name | Ibn Shuhayd, Abū ʻĀmir Aḥmad, |
| Dates associated with a name | 992 or 993-1035. |
| 245 10 - TITLE STATEMENT | |
| Title | Risālat al-tawābiʻ wa-al-zawābiʻ / |
| Statement of responsibility, etc. | li-Ibn Shuhayd al-Andalusī ; ṣaḥḥaḥahā wa-ḥaqqaqa mā fīhā wa-sharraḥahā wa-bawwabahā wa-ṣaddarahā bi-dirāsah tārīkhīyah adabīyah Buṭrus al-Bustānī. |
| 260 ## - PUBLICATION, DISTRIBUTION, ETC. | |
| Place of publication, distribution, etc. | Bayrūt : |
| Name of publisher, distributor, etc. | Dār Ṣādir, |
| Date of publication, distribution, etc. | 1967. |
| 300 ## - PHYSICAL DESCRIPTION | |
| Extent | 157 p. ; |
| Dimensions | 24 cm. |
| 500 ## - GENERAL NOTE | |
| General note | Added t. p.: Risālat al-tawābiʼ waz-Zawābiʼ [by] Ibn Shūhāid. |
| 504 ## - BIBLIOGRAPHY, ETC. NOTE | |
| Bibliography, etc. note | Bibliography: p. 153. |
| 700 1# - ADDED ENTRY--PERSONAL NAME | |
| Personal name | Bustānī, Buṭrus. |
| 740 0# - ADDED ENTRY--UNCONTROLLED RELATED/ANALYTICAL TITLE | |
| Uncontrolled related/analytical title | Risālat al-tawābiʼ waz-Zawābiʼ. |
No items available.